<?xml version="1.0" encoding="UTF-8"?>
<record
    xmlns:xsi="http://www.w3.org/2001/XMLSchema-instance"
    xsi:schemaLocation="http://www.loc.gov/MARC21/slim http://www.loc.gov/standards/marcxml/schema/MARC21slim.xsd"
    xmlns="http://www.loc.gov/MARC21/slim">

  <leader>00374nam a2200133Ia 4500</leader>
  <controlfield tag="008">220610s9999    xx            000 0 und d</controlfield>
  <datafield tag="082" ind1=" " ind2=" ">
    <subfield code="a">891.4</subfield>
    <subfield code="b">NAN</subfield>
  </datafield>
  <datafield tag="100" ind1=" " ind2=" ">
    <subfield code="a">Naniwadekar Mrunalini</subfield>
    <subfield code="9">129263</subfield>
  </datafield>
  <datafield tag="245" ind1=" " ind2=" ">
    <subfield code="a">Te Chauda Tas (Marathi)</subfield>
  </datafield>
  <datafield tag="260" ind1=" " ind2=" ">
    <subfield code="a">Nagpur</subfield>
    <subfield code="b">Rajhans Prakashan</subfield>
    <subfield code="c">2013</subfield>
  </datafield>
  <datafield tag="300" ind1=" " ind2=" ">
    <subfield code="a">129 P</subfield>
    <subfield code="b">PB</subfield>
  </datafield>
  <datafield tag="500" ind1=" " ind2=" ">
    <subfield code="a">"Doneted by Dr. Shailesh Pitale, Nagpur"</subfield>
  </datafield>
  <datafield tag="906" ind1=" " ind2=" ">
    <subfield code="a">0</subfield>
    <subfield code="b">GB</subfield>
  </datafield>
  <datafield tag="999" ind1=" " ind2=" ">
    <subfield code="c">53380</subfield>
    <subfield code="d">53380</subfield>
  </datafield>
  <datafield tag="952" ind1=" " ind2=" ">
    <subfield code="0">0</subfield>
    <subfield code="1">0</subfield>
    <subfield code="4">0</subfield>
    <subfield code="7">0</subfield>
    <subfield code="a">CEWN</subfield>
    <subfield code="b">CEWN</subfield>
    <subfield code="d">2018-10-15</subfield>
    <subfield code="e">Donar</subfield>
    <subfield code="g">150.00</subfield>
    <subfield code="l">1</subfield>
    <subfield code="o">891.40/NAN/ </subfield>
    <subfield code="p">CEWN-DB-241</subfield>
    <subfield code="r">2025-07-16 00:00:00</subfield>
    <subfield code="s">2025-07-01</subfield>
    <subfield code="v">150.00</subfield>
    <subfield code="w">2022-06-10</subfield>
    <subfield code="y">DB</subfield>
    <subfield code="z">D00241</subfield>
  </datafield>
</record>
